| 000 | 00824nam a2200217 a 4500 | ||
|---|---|---|---|
| 001 | 000016721 | ||
| 005 | 20200929164943.0 | ||
| 008 | 100310s1978 dr c 000 0 spa d | ||
| 040 |
_aDO-SdBNP _bspa _cBNPHU |
||
| 082 |
_axxxx _bV335n |
||
| 100 | 1 |
_aVásquez, Pedro R. _924880 |
|
| 245 | 1 | 0 |
_aNace la sociedad bolivariana / _cPedro R. Vásquez. |
| 260 |
_aSanto Domingo : _bEstudio Editorial Incoco, _c1978. |
||
| 300 |
_a167 p. ; : _bretrs. ; _c22 cm. |
||
| 490 | 1 |
_aSociedad Bolivariana de la República Dominicana _vv. 2 |
|
| 504 | _aIncluye referencias bibliográficas y notas al pie de de las páginas | ||
| 504 | _aIncluye bibliogrfas ( p. 165-167) | ||
| 590 | _aLa biblioteca posee 1 ejemplar autografiado por el autor | ||
| 830 | 0 |
_aSociedad Bolivariana de la República Dominicana _nno. 2 _937090 |
|
| 049 | _aBNPD | ||
| 999 |
_c16253 _d16253 |
||